[Event "ROM-chT (Women)"]
[Site "Oradea"]
[Date "2022.09.24"]
[Round "2.6"]
[White "Atalik, Ekaterina"]
[Black "Yugina, Maria"]
[Result "1-0"]
[WhiteElo "2406"]
[BlackElo "2096"]
[PlyCount "67"]
[EventDate "2022.09.23"]
[EventType "team-tourn"]
[EventRounds "7"]
[EventCountry "ROU"]
[SourceTitle "CBM 210 Extra"]
[Source "ChessBase"]
[SourceDate "2022.11.30"]
[SourceVersion "1"]
[SourceVersionDate "2022.11.30"]
[SourceQuality "1"]

1. c4 f5 2. Nc3 Nf6 3. g3 e6 4. Bg2 Be7 5. Nf3 0-0 6. 0-0 d6 7. d4 Nc6 8. d5 Ne5 9. Nd4 Nxc4 10. dxe6 c6 11. Nxf5 Bxe6 12. Nxe7+ Qxe7 13. b3 Ne5 14. Bb2 Rad8 15. Qd2 Bf7 16. Rad1 d5 17. Qe3 Rfe8 18. Qxa7 Neg4 19. Qb6 h5 20. Rfe1 Ne4 21. Nxe4 dxe4 22. h3 Nh6 23. Rxd8 Rxd8 24. Ba3 Qe8 25. Qxb7 Nf5 26. e3 Ra8 27. Qb4 Bd5 28. Re2 Qe5 29. Bb2 Qc7 30. Bxe4 Nxg3 31. Bxd5+ cxd5 32. fxg3 Qxg3+ 33. Rg2 Qxe3+ 34. Kh2 1-0

[Event "ROM-chT (Women)"]
[Site "Oradea"]
[Date "2022.09.23"]
[Round "1.2"]
[White "Yugina, Maria"]
[Black "Navrotescu, Andreea Cristiana"]
[Result "0-1"]
[WhiteElo "2096"]
[BlackElo "2313"]
[PlyCount "92"]
[EventDate "2022.09.23"]
[EventType "team-tourn"]
[EventRounds "7"]
[EventCountry "ROU"]
[SourceTitle "CBM 210 Extra"]
[Source "ChessBase"]
[SourceDate "2022.11.30"]
[SourceVersion "1"]
[SourceVersionDate "2022.11.30"]
[SourceQuality "1"]

1. e4 e5 2. Bc4 Nf6 3. d3 Nc6 4. Nc3 Na5 5. Bb3 Nxb3 6. axb3 Bb4 7. Nge2 c6 8. 0-0 0-0 9. d4 d6 10. Bg5 h6 11. Bh4 g5 12. Bg3 Nh5 13. dxe5 Nxg3 14. Nxg3 dxe5 15. Qf3 g4 16. Qe3 Qg5 17. Qxg5+ hxg5 18. Na4 Be6 19. f3 Rfd8 20. fxg4 Rd2 21. c3 Bf8 22. b4 Rad8 23. Nh5 Be7 24. h3 b6 25. Rfc1 R8d3 26. Kh2 Rf2 27. Rd1 Rdd2 28. Rxd2 Rxd2 29. Ng3 Bf8 30. Nh5 Bd6 31. Nf6+ Kh8 32. Nh5 Bc7 33. Ra3 c5 34. b3 cxb4 35. cxb4 Bd6 36. Ra1 Bxb4 37. Rc1 Rd8 38. Rc7 Ra8 39. Nb2 Bxb3 40. Nd3 Bf8 41. g3 a5 42. Nxe5 a4 43. Nd7 a3 44. Nxb6 a2 45. Nxa8 a1Q 46. Rc8 Kg8 0-1

[Event "ROM-chT (Women)"]
[Site "Mamaia"]
[Date "2021.10.07"]
[Round "6.1"]
[White "Yugina, Maria"]
[Black "Ciolacu, Alessia Mihaela"]
[Result "0-1"]
[WhiteElo "2070"]
[BlackElo "2186"]
[PlyCount "66"]
[EventDate "2021.10.02"]
[EventType "team-tourn"]
[EventRounds "10"]
[EventCountry "ROU"]
[SourceTitle "CBM 204 Extra"]
[Source "ChessBase"]
[SourceDate "2021.11.30"]
[SourceVersion "1"]
[SourceVersionDate "2021.11.30"]
[SourceQuality "1"]
[WhiteTeam "Timisoara UVT (W)"]
[BlackTeam "Bucharest ASE (W)"]
[WhiteTeamCountry "ROU"]
[BlackTeamCountry "ROU"]

1. e4 e5 2. Bc4 Nf6 3. Nc3 Nc6 4. d3 Bc5 5. Bg5 h6 6. Bh4 d6 7. Nd5 g5 8. Bg3 Nxd5 9. Bxd5 Qf6 10. Qd2 Be6 11. Bxc6+ bxc6 12. 0-0-0 Bxa2 13. h4 g4 14. h5 Rb8 15. c3 Qe6 16. Ne2 Ba3 17. c4 Bb4 18. Nc3 Bb3 19. Qe2 Qc8 20. Nb1 Bxd1 21. Rxd1 Qa6 22. Qxg4 Qa1 23. Qg7 Rf8 24. Bxe5 dxe5 25. Qxe5+ Kd8 26. Kc2 Qa4+ 27. Kc1 f6 28. Qd4+ Kc8 29. f4 Qa1 30. Kc2 Bc5 31. Qc3 Qa4+ 32. Kc1 Be3+ 33. Nd2 c5 0-1

[Event "ROM-chT (Women)"]
[Site "Mamaia"]
[Date "2021.10.04"]
[Round "3.1"]
[White "Trifoi, Mihaela Ioana"]
[Black "Yugina, Maria"]
[Result "0-1"]
[WhiteElo "1938"]
[BlackElo "2070"]
[PlyCount "94"]
[EventDate "2021.10.02"]
[EventType "team-tourn"]
[EventRounds "10"]
[EventCountry "ROU"]
[SourceTitle "CBM 204 Extra"]
[Source "ChessBase"]
[SourceDate "2021.11.30"]
[SourceVersion "1"]
[SourceVersionDate "2021.11.30"]
[SourceQuality "1"]
[WhiteTeam "Sighetu Marmatiei (W)"]
[BlackTeam "Timisoara UVT (W)"]
[WhiteTeamCountry "ROU"]
[BlackTeamCountry "ROU"]

1. e4 e6 2. d4 d5 3. e5 c5 4. c3 Nc6 5. Nf3 Qb6 6. a3 c4 7. Nbd2 Na5 8. g3 Bd7 9. Bg2 Ne7 10. 0-0 h6 11. Rb1 Qc7 12. Ne1 g6 13. h3 Nc8 14. Qe2 Nb6 15. f4 0-0-0 16. Nc2 Ba4 17. Na1 Kb8 18. Rf3 Be7 19. b3 cxb3 20. Naxb3 Nxb3 21. Nxb3 Nc4 22. Qa2 Rc8 23. Nd2 Qd7 24. Nf1 Rc6 25. Rf2 Rhc8 26. g4 h5 27. Bf3 hxg4 28. hxg4 Rh8 29. Rh2 Qc8 30. f5 gxf5 31. gxf5 Rxh2 32. Nxh2 Qg8+ 33. Kh1 Qh7 34. f6 Bf8 35. Bf4 Ka8 36. Rg1 Bc2 37. Qa1 a6 38. a4 Ka7 39. a5 Na3 40. Qe1 Nb5 41. Bd2 Bh6 42. c4 Rxc4 43. Rg4 Bxd2 44. Qxd2 Bg6 45. Be2 Be4+ 46. Kg1 Rc2 47. Qe3 Nc3 0-1

[Event "Uppsala IM Gp1"]
[Site "Uppsala"]
[Date "2021.08.13"]
[Round "7"]
[White "Falkevall, Axel"]
[Black "Yugina, Maria"]
[Result "0-1"]
[WhiteElo "2229"]
[BlackElo "1974"]
[PlyCount "96"]
[EventDate "2021.08.09"]
[EventType "tourn"]
[EventRounds "9"]
[EventCountry "SWE"]
[EventCategory "2"]
[SourceTitle "CBM 203 Extra"]
[Source "ChessBase"]
[SourceDate "2021.09.30"]
[SourceVersion "1"]
[SourceVersionDate "2021.09.30"]
[SourceQuality "1"]

1. e4 e6 2. d4 d5 3. Nd2 c5 4. c3 Nc6 5. Ngf3 cxd4 6. cxd4 dxe4 7. Nxe4 Nf6 8. Bd3 Be7 9. 0-0 0-0 10. Nc3 b6 11. a3 Bb7 12. Re1 Re8 13. Bc2 Qd7 14. Qd3 Rad8 15. Be3 g6 16. Rad1 Bf8 17. Bg5 Bg7 18. Qe2 Qc8 19. Ne4 Nxe4 20. Bxd8 Nxf2 21. Qxf2 Rxd8 22. Be4 Ne7 23. Bxb7 Qxb7 24. Ne5 Nf5 25. g4 Nd6 26. Qg2 Qxg2+ 27. Kxg2 Nb5 28. Nf3 Nxd4 29. Nxd4 Rxd4 30. Rxd4 Bxd4 31. b4 a5 32. bxa5 bxa5 33. Re4 e5 34. Re1 Kg7 35. Kf3 f5 36. Rb1 Bc5 37. a4 e4+ 38. Kg2 Kf6 39. gxf5 gxf5 40. Rb5 Bb4 41. Kf2 f4 42. Rh5 Bc3 43. Rxh7 Bd4+ 44. Ke1 f3 45. Rh5 e3 46. Rh6+ Kf5 47. Rc6 Ke4 48. Re6+ Kd3 0-1

[Event "Uppsala IM Gp1"]
[Site "Uppsala"]
[Date "2021.08.13"]
[Round "6"]
[White "Yugina, Maria"]
[Black "Kenneskog, Theodor"]
[Result "1/2-1/2"]
[WhiteElo "1974"]
[BlackElo "2278"]
[PlyCount "126"]
[EventDate "2021.08.09"]
[EventType "tourn"]
[EventRounds "9"]
[EventCountry "SWE"]
[EventCategory "2"]
[SourceTitle "CBM 203 Extra"]
[Source "ChessBase"]
[SourceDate "2021.09.30"]
[SourceVersion "1"]
[SourceVersionDate "2021.09.30"]
[SourceQuality "1"]

1. e4 c5 2. Be2 Nc6 3. c3 Nf6 4. d3 d5 5. Qc2 g6 6. f4 dxe4 7. dxe4 Bg7 8. Nf3 0-0 9. 0-0 b6 10. Kh1 Qc7 11. Na3 Bb7 12. e5 Nd5 13. Ng5 Rad8 14. Bf3 h6 15. Ne4 a6 16. Nc4 Ba8 17. a4 f5 18. exf6 exf6 19. f5 g5 20. Ng3 Kh8 21. Bd2 Rfe8 22. Rae1 Ne5 23. Nxe5 Rxe5 24. Rxe5 Qxe5 25. Re1 Qd6 26. Bc1 Bc6 27. Nh5 Qd7 28. b3 Ne7 29. Rd1 Qc8 30. Bxc6 Nxc6 31. Ng3 Ne5 32. c4 Ng4 33. Rxd8+ Qxd8 34. h3 Ne5 35. Bb2 Nc6 36. Qe2 Kh7 37. Qe6 Nd4 38. Bxd4 cxd4 39. Nh5 d3 40. Qf7 Qf8 41. Qd7 d2 42. Qxd2 Qe7 43. Qd4 b5 44. cxb5 axb5 45. a5 Qc7 46. Nxg7 Kxg7 47. a6 Qc1+ 48. Qg1 Qc6 49. a7 h5 50. Qa1 Qa8 51. Qa5 g4 52. Qc7+ Kh6 53. Qf7 Kg5 54. Qg7+ Kxf5 55. Qd7+ Kg5 56. Qxb5+ Kh4 57. Qb8 Qe4 58. a8Q Qe1+ 59. Kh2 g3+ 60. Qxg3+ Qxg3+ 61. Kg1 Qe1+ 62. Kh2 Qg3+ 63. Kg1 Qe1+ 1/2-1/2

[Event "Porto Mannu op 11th"]
[Site "Porto Mannu"]
[Date "2019.06.03"]
[Round "4"]
[White "Valsecchi, Alessio"]
[Black "Yugina, Maria"]
[Result "1-0"]
[WhiteElo "2506"]
[BlackElo "2120"]
[PlyCount "55"]
[EventDate "2019.06.01"]
[EventType "swiss"]
[EventRounds "9"]
[EventCountry "ITA"]
[SourceTitle "CBM 190 Extra"]
[Source "ChessBase"]
[SourceDate "2019.07.15"]
[SourceVersion "1"]
[SourceVersionDate "2019.07.15"]
[SourceQuality "1"]

1. e4 e6 2. d4 d5 3. Nc3 Bb4 4. e5 b6 5. Qg4 Bf8 6. h4 h6 7. Rh3 Bb7 8. Rf3 Qd7 9. Bd3 Nc6 10. Qh5 0-0-0 11. Rxf7 Nge7 12. Be3 Qe8 13. 0-0-0 Nxe5 14. dxe5 d4 15. Bxd4 Rxd4 16. Nf3 Rd8 17. Bg6 Rxd1+ 18. Nxd1 Qb5 19. Bd3 Qe8 20. Nd4 Qd7 21. Qg4 Bd5 22. Nc3 Qe8 23. Rxe7 Bxe7 24. Nxd5 Bxh4 25. Nxe6 Kb7 26. Ndxc7 Bg5+ 27. Kb1 Qe7 28. Qe4+ 1-0

[Event "ROM-chT (Women)"]
[Site "Sovata"]
[Date "2018.11.29"]
[Round "5.1"]
[White "Paehtz, Elisabeth"]
[Black "Yugina, Maria"]
[Result "0-1"]
[WhiteElo "2495"]
[BlackElo "2129"]
[PlyCount "136"]
[EventDate "2018.11.25"]
[EventType "team-tourn"]
[EventRounds "7"]
[EventCountry "ROU"]
[SourceTitle "CBM 187 Extra"]
[Source "ChessBase"]
[SourceDate "2018.11.04"]
[SourceVersion "1"]
[SourceVersionDate "2018.11.04"]
[SourceQuality "1"]
[WhiteTeam "Timisoara Medicina (W)"]
[BlackTeam "Arad University (W)"]
[WhiteTeamCountry "ROU"]
[BlackTeamCountry "ROU"]

1. e4 e6 2. d4 d5 3. Nc3 Bb4 4. e5 b6 5. a3 Bf8 6. Nf3 h6 7. Bb5+ c6 8. Ba4 Bb7 9. h4 Nd7 10. Ne2 Qc7 11. Qd2 0-0-0 12. Qf4 Nb8 13. c3 Ba6 14. Bc2 g6 15. b4 Bg7 16. a4 Bc4 17. Be3 Rf8 18. Nd2 Ba6 19. Rb1 Ne7 20. b5 Bb7 21. Qg3 Rfg8 22. Nf4 Bf8 23. Qf3 Kd7 24. Ne2 Ke8 25. h5 Nf5 26. hxg6 fxg6 27. Nf4 Qf7 28. bxc6 Nxc6 29. Qe2 Be7 30. Qb5 g5 31. Ne2 Bd8 32. Nb3 Rg7 33. Qd3 Rf8 34. a5 Nh4 35. Rh2 Nf5 36. axb6 axb6 37. Nd2 Nxe3 38. Qxe3 h5 39. f3 g4 40. f4 h4 41. c4 Na5 42. cxd5 exd5 43. f5 Bg5 44. Nf4 g3 45. Rh1 Nc4 46. Nxc4 dxc4 47. Rg1 Bxf4 48. Qxf4 Bc8 49. Rxb6 Qa7 50. Rb1 Rd7 51. Rd1 Qa5+ 52. Qd2 c3 53. Qe2 Rdf7 54. f6 Be6 55. Rb1 Qa7 56. Qb5+ Kd8 57. Ke2 Kc7 58. Be4 Qa2+ 59. Rb2 Qxb2+ 60. Qxb2 cxb2 61. d5 Bg4+ 62. Kd2 Rb8 63. Rb1 h3 64. gxh3 Bxh3 65. Ke3 g2 66. Kf4 Rb4 67. e6 Rxf6+ 68. Ke5 Rxe4+ 0-1

[Event "ROM-chT (Women)"]
[Site "Sovata"]
[Date "2018.11.28"]
[Round "4.1"]
[White "Yugina, Maria"]
[Black "Raeva, Elitsa"]
[Result "0-1"]
[WhiteElo "2129"]
[BlackElo "2252"]
[PlyCount "78"]
[EventDate "2018.11.25"]
[EventType "team-tourn"]
[EventRounds "7"]
[EventCountry "ROU"]
[SourceTitle "CBM 187 Extra"]
[Source "ChessBase"]
[SourceDate "2018.11.04"]
[SourceVersion "1"]
[SourceVersionDate "2018.11.04"]
[SourceQuality "1"]
[WhiteTeam "Arad University (W)"]
[BlackTeam "Arnia Chessit (W)"]
[WhiteTeamCountry "ROU"]
[BlackTeamCountry "ROU"]

1. d4 Nf6 2. Nf3 e6 3. e3 b6 4. Bd3 Bb7 5. 0-0 Be7 6. b3 0-0 7. Bb2 Ne4 8. Nbd2 f5 9. c4 d5 10. Rc1 Nd7 11. Qe2 a5 12. a3 Bd6 13. Ne5 Bxe5 14. dxe5 Ndc5 15. cxd5 Nxd2 16. Qxd2 Qxd5 17. f3 Qxd3 18. Qxd3 Nxd3 19. Rxc7 Bd5 20. Bd4 Nc5 21. Bxc5 bxc5 22. Rxc5 Bxb3 23. Rfc1 a4 24. Kf2 Rfd8 25. Rc7 Rd2+ 26. Kg3 Rad8 27. h4 h6 28. h5 Kf8 29. Kh3 R8d7 30. Rc8+ Kf7 31. R1c6 R2d3 32. f4 Rxe3+ 33. g3 Red3 34. Rb6 Rd1 35. Kg2 Bd5+ 36. Kf2 Rh1 37. Rb4 Rxh5 38. Rxa4 Rh2+ 39. Ke1 Bb3 0-1

[Event "ROM-chT (Women)"]
[Site "Sovata"]
[Date "2018.11.25"]
[Round "1.1"]
[White "Marin, Irina Luiza"]
[Black "Yugina, Maria"]
[Result "1/2-1/2"]
[WhiteElo "2032"]
[BlackElo "2129"]
[PlyCount "97"]
[EventDate "2018.11.25"]
[EventType "team-tourn"]
[EventRounds "7"]
[EventCountry "ROU"]
[SourceTitle "CBM 187 Extra"]
[Source "ChessBase"]
[SourceDate "2018.11.04"]
[SourceVersion "1"]
[SourceVersionDate "2018.11.04"]
[SourceQuality "1"]
[WhiteTeam "Bucharest Central CC (W)"]
[BlackTeam "Arad University (W)"]
[WhiteTeamCountry "ROU"]
[BlackTeamCountry "ROU"]

1. c4 b6 2. g3 Bb7 3. Nf3 e6 4. Bg2 f5 5. 0-0 Nf6 6. d3 Be7 7. Nc3 0-0 8. Re1 Nc6 9. Nd4 Na5 10. Bf4 Bxg2 11. Kxg2 Nh5 12. Bd2 Nf6 13. Rc1 Bc5 14. Nf3 Nc6 15. Bf4 Bb4 16. e4 Bxc3 17. Rxc3 d6 18. e5 dxe5 19. Nxe5 Nd4 20. Nf3 Nxf3 21. Qxf3 Re8 22. Qc6 Nh5 23. Qxc7 Nxf4+ 24. Qxf4 Qd7 25. Re3 Rad8 26. Rc2 Qc6+ 27. Qf3 Rd6 28. Qxc6 Rxc6 29. d4 Rd8 30. Rd3 Rcd6 31. Rcd2 a5 32. b3 Kf7 33. f4 h6 34. h4 g6 35. Kf3 Kf6 36. Ke3 g5 37. hxg5+ hxg5 38. a3 gxf4+ 39. Kxf4 Rg8 40. b4 axb4 41. axb4 Rg4+ 42. Kf3 Ke7 43. b5 Rd8 44. Ke2 Rc8 45. Rc3 Rd8 46. c5 Re4+ 47. Kf3 bxc5 48. Rxc5 Rexd4 49. Rxd4 1/2-1/2

[Event "Alba Iulia Romania 100 op"]
[Site "Alba Iulia"]
[Date "2018.11.13"]
[Round "2"]
[White "Yugina, Maria"]
[Black "Manolache, Marius"]
[Result "0-1"]
[WhiteElo "2129"]
[BlackElo "2518"]
[PlyCount "58"]
[EventDate "2018.11.12"]
[EventType "swiss"]
[EventRounds "9"]
[EventCountry "ROU"]
[SourceTitle "CBM 187 Extra"]
[Source "ChessBase"]
[SourceDate "2018.11.04"]
[SourceVersion "1"]
[SourceVersionDate "2018.11.04"]
[SourceQuality "1"]

1. d4 Nf6 2. Nf3 d6 3. c4 g6 4. Nc3 Bg7 5. Bg5 h6 6. Bh4 c6 7. e3 a6 8. Rc1 0-0 9. Be2 b5 10. 0-0 Nbd7 11. Qc2 Bb7 12. b4 a5 13. bxa5 b4 14. a6 Rxa6 15. Qb3 Qa5 16. Bxf6 Nxf6 17. Rc2 Ra7 18. Nb1 c5 19. Nbd2 Bc6 20. Qb2 Rfa8 21. Ra1 Nd7 22. Bd1 e5 23. Nb3 Qc7 24. Rd2 exd4 25. exd4 Be4 26. Qc1 Nb6 27. Be2 Ra3 28. dxc5 dxc5 29. Bd1 Na4 0-1

[Event "Porto Mannu op 10th"]
[Site "Porto Mannu"]
[Date "2018.06.02"]
[Round "6"]
[White "Yugina, Maria"]
[Black "De Francesco, Klaus"]
[Result "0-1"]
[WhiteElo "2124"]
[BlackElo "2280"]
[PlyCount "66"]
[EventDate "2018.06.02"]
[EventType "swiss"]
[EventRounds "9"]
[EventCountry "ITA"]
[SourceTitle "CBM 184 Extra"]
[Source "ChessBase"]
[SourceDate "2018.06.28"]
[SourceVersion "1"]
[SourceVersionDate "2018.06.28"]
[SourceQuality "1"]

1. d4 d5 2. Nf3 c6 3. e3 Nf6 4. Bd3 Bg4 5. h3 Bxf3 6. Qxf3 e6 7. 0-0 Be7 8. b3 Nbd7 9. Bb2 0-0 10. c4 Re8 11. Nd2 Bb4 12. Qe2 e5 13. dxe5 Nxe5 14. Rfd1 Qe7 15. Nf3 Nxd3 16. Qxd3 Rad8 17. Nd4 dxc4 18. Qxc4 Rd5 19. Ne2 Red8 20. Rxd5 Rxd5 21. Rf1 Ne4 22. Nf4 Rd2 23. a3 Bd6 24. Bc1 Ra2 25. b4 Ra1 26. Rd1 g5 27. Nd3 Qe6 28. Qd4 Rb1 29. Nc5 Bxc5 30. bxc5 Qd5 31. Rf1 Qxd4 32. exd4 Nc3 33. Re1 Rxc1 0-1

[Event "ROM-chT (Women)"]
[Site "Baile Govora"]
[Date "2017.11.19"]
[Round "9.4"]
[White "Yugina, Maria"]
[Black "Ciungan, Diana Alexandra"]
[Result "1/2-1/2"]
[WhiteElo "2091"]
[BlackElo "1903"]
[PlyCount "57"]
[EventDate "2017.11.11"]
[EventType "team-tourn"]
[EventRounds "9"]
[EventCountry "ROU"]
[SourceTitle "CBM 181 Extra"]
[Source "ChessBase"]
[SourceDate "2017.12.12"]
[SourceVersion "1"]
[SourceVersionDate "2017.12.12"]
[SourceQuality "1"]
[WhiteTeam "Arad University (W)"]
[BlackTeam "Sanandrei (W)"]
[WhiteTeamCountry "ROU"]
[BlackTeamCountry "ROU"]

1. d4 Nf6 2. Nf3 c5 3. e3 e6 4. Bd3 Nc6 5. c3 Be7 6. 0-0 0-0 7. b3 b6 8. Bb2 Bb7 9. Nbd2 Rc8 10. Rc1 cxd4 11. exd4 d5 12. Re1 Re8 13. Ne5 Nxe5 14. dxe5 Nd7 15. Bb1 f5 16. Nf3 Qc7 17. c4 Qb8 18. cxd5 Bxd5 19. Bxf5 Rxc1 20. Bxc1 Bb4 21. Bxh7+ Kxh7 22. Ng5+ Kg8 23. Qh5 Bxe1 24. Qf7+ Kh8 25. Qg6 Kg8 26. Ba3 Nc5 27. Qf7+ Kh8 28. Qh5+ Kg8 29. Qf7+ 1/2-1/2

[Event "ROM-chT (Women)"]
[Site "Baile Govora"]
[Date "2017.11.16"]
[Round "6.1"]
[White "Yugina, Maria"]
[Black "Daulyte Cornette, Deimante"]
[Result "0-1"]
[WhiteElo "2091"]
[BlackElo "2413"]
[PlyCount "116"]
[EventDate "2017.11.11"]
[EventType "team-tourn"]
[EventRounds "9"]
[EventCountry "ROU"]
[SourceTitle "CBM 181 Extra"]
[Source "ChessBase"]
[SourceDate "2017.12.12"]
[SourceVersion "1"]
[SourceVersionDate "2017.12.12"]
[SourceQuality "1"]
[WhiteTeam "Arad University (W)"]
[BlackTeam "Bucharest CSM (W)"]
[WhiteTeamCountry "ROU"]
[BlackTeamCountry "ROU"]

1. d4 Nf6 2. Nf3 e6 3. c4 d5 4. Nc3 Bb4 5. e3 0-0 6. Bd3 dxc4 7. Bxc4 c5 8. 0-0 Nc6 9. a3 Ba5 10. Ne2 cxd4 11. exd4 h6 12. b4 Bc7 13. Qc2 b6 14. Rd1 Ne7 15. Ne5 Bb7 16. Nf4 Ned5 17. b5 Rc8 18. Qb3 Nxf4 19. Bxf4 Nd5 20. Bg3 Qg5 21. h4 Qe7 22. Rac1 Bd6 23. a4 Bxe5 24. dxe5 Rc7 25. Bxd5 Bxd5 26. Rxc7 Qxc7 27. Qa3 Rc8 28. Bf4 Qc3 29. Qxc3 Rxc3 30. Ra1 Rb3 31. Be3 Rb4 32. a5 Rxb5 33. axb6 axb6 34. Ra6 Rb1+ 35. Kh2 b5 36. Rb6 b4 37. Kg3 b3 38. f3 Kh7 39. Bc5 Kg6 40. Bf8 h5 41. Rb8 Re1 42. Bd6 Re2 43. Rb6 Kf5 44. Rb8 Ra2 45. Bb4 Rc2 46. Bd6 Re2 47. Rb6 g5 48. hxg5 Kxg5 49. Rb8 h4+ 50. Kh3 Kf4 51. Bc5 Kxe5 52. Rb4 Rc2 53. Be3 Bc4 54. g3 hxg3 55. Kxg3 Kd5 56. Bg5 b2 57. Bf6 e5 58. f4 Rc3+ 0-1

[Event "ROM-chT (Women)"]
[Site "Baile Govora"]
[Date "2017.11.11"]
[Round "1.1"]
[White "Khotenashvili, Bela"]
[Black "Yugina, Maria"]
[Result "1-0"]
[WhiteElo "2455"]
[BlackElo "2091"]
[PlyCount "115"]
[EventDate "2017.11.11"]
[EventType "team-tourn"]
[EventRounds "9"]
[EventCountry "ROU"]
[SourceTitle "CBM 181 Extra"]
[Source "ChessBase"]
[SourceDate "2017.12.12"]
[SourceVersion "1"]
[SourceVersionDate "2017.12.12"]
[SourceQuality "1"]
[WhiteTeam "Iasi Politehnica (W)"]
[BlackTeam "Arad University (W)"]
[WhiteTeamCountry "ROU"]
[BlackTeamCountry "ROU"]

1. e4 c5 2. Nc3 Nc6 3. f4 g6 4. Nf3 Bg7 5. Bb5 Nd4 6. 0-0 e6 7. e5 a6 8. Bd3 d5 9. Nxd4 cxd4 10. Ne2 Qb6 11. a4 f6 12. a5 Qc7 13. exf6 Nxf6 14. b3 0-0 15. Ba3 Rf7 16. Qe1 Ne4 17. Bb2 Qc5 18. Ra4 Bd7 19. Bxd4 Bxd4+ 20. Rxd4 Raf8 21. b4 Qa7 22. Bxe4 dxe4 23. Qf2 Bc6 24. Qe3 e5 25. Rxe4 Qxe3+ 26. Rxe3 exf4 27. Re5 Rd8 28. d3 f3 29. gxf3 Bxf3 30. Rf2 Kg7 31. Re3 Bc6 32. Rxf7+ Kxf7 33. c4 Re8 34. Kf2 Kf6 35. d4 Rd8 36. d5 Bd7 37. Ng3 Bc8 38. d6 h5 39. h4 Bg4 40. c5 Bd7 41. Re7 Bc6 42. Ke3 g5 43. hxg5+ Kxg5 44. Re5+ Kf6 45. Rxh5 Re8+ 46. Kf4 Kg6 47. Rg5+ Kf7 48. Re5 Rd8 49. Nf5 Kf6 50. Nd4 Bd7 51. Re7 Bc8 52. Nf3 Rh8 53. Ke4 Rg8 54. Ne5 Bf5+ 55. Kd5 Bh3 56. Rf7+ Kg5 57. d7 Rd8 58. Kd6 1-0

[Event "Porto Mannu op 9th"]
[Site "Porto Mannu"]
[Date "2017.06.07"]
[Round "6"]
[White "Calavalle, Giulio"]
[Black "Yugina, Maria"]
[Result "1-0"]
[WhiteElo "2253"]
[BlackElo "2050"]
[PlyCount "125"]
[EventDate "2017.06.03"]
[EventType "swiss"]
[EventRounds "9"]
[EventCountry "ITA"]
[SourceTitle "CBM 178 Extra"]
[Source "ChessBase"]
[SourceDate "2017.06.22"]
[SourceVersion "1"]
[SourceVersionDate "2017.06.22"]
[SourceQuality "1"]

1. e4 c5 2. Nc3 Nc6 3. Bc4 g6 4. d3 Bg7 5. Nge2 e6 6. a3 Nge7 7. Bg5 h6 8. Bh4 0-0 9. f4 d6 10. 0-0 Qd7 11. Ba2 b6 12. Qd2 Kh7 13. Bf2 Ba6 14. Ng3 Nd4 15. Nd1 d5 16. c3 Ndc6 17. e5 d4 18. c4 Bb7 19. Ne4 Rad8 20. Bh4 Rb8 21. Bf6 Ng8 22. Qe1 Nce7 23. Bxg7 Kxg7 24. b4 Rfc8 25. Nd6 Rf8 26. Nxb7 Rxb7 27. Bb3 h5 28. Nf2 f5 29. Bd1 Nc6 30. Bf3 Rc7 31. b5 Nd8 32. a4 Ne7 33. a5 Nc8 34. Nh3 Qe7 35. Qg3 h4 36. Qf2 Nf7 37. Qd2 Rd8 38. Kf2 Kf8 39. Rg1 Nh6 40. Ng5 Nf7 41. Nh7+ Kg7 42. Nf6 Rh8 43. g3 hxg3+ 44. hxg3 bxa5 45. Rh1 Rh6 46. Rxh6 Nxh6 47. Rh1 Qd8 48. Ke1 Ng8 49. Rh7+ Kf8 50. Rh8 Rg7 51. Bc6 Nce7 52. Bd7 Qb6 53. Qg2 Qd8 54. Bxe6 a4 55. Kd1 a3 56. Kc1 a2 57. Qxa2 Qa8 58. b6 Qf3 59. bxa7 Qf1+ 60. Kb2 Qg2+ 61. Ka1 Qa8 62. Nd7+ Ke8 63. Nb6 1-0

[Event "EU-ch blitz"]
[Site "Tallinn"]
[Date "2016.12.17"]
[Round "2"]
[White "Zhigalko, Sergei"]
[Black "Yugina, Maria"]
[Result "1-0"]
[WhiteElo "2671"]
[BlackElo "2050"]
[PlyCount "79"]
[EventDate "2016.12.17"]
[EventType "swiss (blitz)"]
[EventRounds "26"]
[EventCountry "EST"]
[SourceTitle "CBM 176 Extra"]
[Source "ChessBase"]
[SourceDate "2017.03.02"]
[SourceVersion "1"]
[SourceVersionDate "2017.03.02"]
[SourceQuality "1"]

1. e4 c5 2. Nf3 g6 3. c3 Bg7 4. d4 cxd4 5. cxd4 d5 6. e5 Nc6 7. Bb5 Bg4 8. Bxc6+ bxc6 9. Nbd2 Rc8 10. 0-0 Nh6 11. h3 Bxf3 12. Nxf3 e6 13. b3 Qa5 14. a4 0-0 15. Ba3 Rfd8 16. Rc1 Nf5 17. g4 Nh6 18. Qd3 Bf8 19. Bxf8 Kxf8 20. Rc5 Qb6 21. a5 Qb7 22. Rfc1 Ng8 23. R1c3 Kg7 24. Qe3 h6 25. Ne1 Ne7 26. Nd3 Rh8 27. Kg2 Rc7 28. b4 Rb8 29. Rc1 Rf8 30. R5c3 Qc8 31. Nc5 Qa8 32. b5 cxb5 33. Nxe6+ fxe6 34. Rxc7 Rf7 35. a6 Qb8 36. Rb7 Qe8 37. Rxa7 b4 38. Rb7 Qa4 39. Rcc7 Kf8 40. Qxh6+ 1-0

[Event "Kostroma Volga Cup op"]
[Site "Kostroma"]
[Date "2010.07.??"]
[Round "5"]
[White "Pozin, Sergey"]
[Black "Yugina, Maria"]
[Result "1-0"]
[WhiteElo "2414"]
[BlackElo "1995"]
[PlyCount "111"]
[EventDate "2010.07.??"]
[EventType "swiss"]
[EventRounds "9"]
[EventCountry "RUS"]
[SourceTitle "EXT 2011"]
[Source "ChessBase"]
[SourceDate "2010.11.26"]
[SourceVersion "1"]
[SourceVersionDate "2010.11.26"]
[SourceQuality "1"]

1. Nf3 d5 2. b3 c5 3. e3 a6 4. Bb2 Nc6 5. d4 cxd4 6. exd4 Bf5 7. Be2 Nf6 8. 0-0 e6 9. Nbd2 Bd6 10. Ne5 0-0 11. g4 Bg6 12. h4 h6 13. Kg2 Ne4 14. Rh1 Nxe5 15. dxe5 Bc5 16. Nxe4 dxe4 17. Qxd8 Rfxd8 18. Rhd1 e3 19. fxe3 Bxc2 20. Rxd8+ Rxd8 21. Kf3 Bb6 22. Rc1 Bd3 23. a4 g6 24. Ba3 Bxe2+ 25. Kxe2 Rd7 26. Rc8+ Rd8 27. Rc4 Rd7 28. Bd6 Bd8 29. h5 g5 30. e4 Kg7 31. Rd4 Kg8 32. b4 Bb6 33. Rc4 Kg7 34. a5 Bd8 35. Rd4 Kg8 36. Kd3 Kh8 37. Kc4 b6 38. b5 axb5+ 39. Kxb5 bxa5 40. Kc6 Ra7 41. Bb8 Ra6+ 42. Kb7 Rb6+ 43. Ka7 Rxb8 44. Kxb8 Bb6 45. Ra4 Kg7 46. Kb7 Bd8 47. Kc8 Bb6 48. Kd7 Kf8 49. Ra2 Kg7 50. Ke7 Kg8 51. Kd7 Kg7 52. Ra3 Kf8 53. Ra1 Kg7 54. Ke7 Bc7 55. Rf1 Bxe5 56. Rxf7+ 1-0

[Event "Kostroma Volga Cup op"]
[Site "Kostroma"]
[Date "2010.07.??"]
[Round "6"]
[White "Yugina, Maria"]
[Black "Mokshanova, Elizaveta"]
[Result "1-0"]
[WhiteElo "1995"]
[BlackElo "1702"]
[PlyCount "71"]
[EventDate "2010.07.??"]
[EventType "swiss"]
[EventRounds "9"]
[EventCountry "RUS"]
[SourceTitle "EXT 2011"]
[Source "ChessBase"]
[SourceDate "2010.11.26"]
[SourceVersion "1"]
[SourceVersionDate "2010.11.26"]
[SourceQuality "1"]

1. d4 Nf6 2. Nf3 g6 3. c4 Bg7 4. Nc3 0-0 5. e4 d6 6. Be2 e5 7. dxe5 dxe5 8. Qxd8 Rxd8 9. Bg5 Re8 10. Nd5 Nxd5 11. cxd5 f5 12. Be3 fxe4 13. Ng5 Na6 14. a3 Bd7 15. Nxe4 Rad8 16. Bc4 h6 17. Rc1 Bf5 18. f3 Bxe4 19. fxe4 Rd6 20. Bxa7 Kh7 21. Be3 Nb8 22. Rf1 c6 23. Rf7 cxd5 24. Bxd5 Rd7 25. Rxd7 Nxd7 26. Bxb7 Rb8 27. Rc7 Nf6 28. b4 Rd8 29. Ke2 Nh5 30. g3 Nf6 31. a4 Ne8 32. Re7 Nd6 33. Bd5 Rc8 34. Bc5 Ne8 35. a5 Nf6 36. a6 1-0